000 00371nam a2200145Ia 4500
008 220216s9999 xx 000 0 und d
100 _aWhite J R
245 0 _aAdvances in sem of polymers (1984 reviews)
260 _bRubber Chemistry and Technology
_c1984
300 _a457-506
650 _a1984 reviews
650 _aPolymers
700 _aThomas E L
942 _cJS
999 _c53883
_d53883